00966nam a22002777a 45000010005000000030006000050050017000110080041000280200018000690400029000870500015001160820011001311000020001422450051001622500046002132600037002593000044002965050008003405200193003485210020005415210020005616500023005816500021006046500036006257000027006615279FISKH20241122133814.0241122b cb ||||| |||| 00| 0 eng d a9780545234269 aFISKHbengcFISKHdFISKH aPZ7.B82816 a813.54 aBruchac, Joseph aMarch Toward the Thunder / cby Joseph Bruchac aFirst Scholastic printing , December 2009 aNew York : bScholastic ;c2008. a298 pages : billustrations ;c21 cm .  aW  aLouis Nollette, a fifteen-year-old Abenaki Indian, joins the Irish Brigade in 1864 to fight for the Union in the Civil War. Based on the author's great-grandfather; includes author's note.8 a850 bLexile 8 aW bRaz-Plus  aCivil Warvfiction aAbenakivfiction aNorth American Indiansvfiction aWeart, Kimiedesigner